000 00669nam a22002417a 4500
001 BR7326138
003 BR-BrBNA
005 20230928084349.0
007 ta
008 230509b bl.||||| |||| 00| 0 por d
040 _aBR-BrBNA
_bpor
_cBiblioteca Nacional de Agricultura
041 _a(Por)
072 _aL00
_b5214
_b/G510
090 _ 5214 BR7326138
100 1 _aZany, J.N.B.
245 1 _aLigeiras notas sobre criacao de gado bovino hollandez na Republica Argentina em 1936
260 3 _aRio de Janeiro, GB (Brasil):
_c1937.
300 _a11 p.
650 _aGADO HOLANDES
650 _aARGENTINA
909 _a202309
_bLucia
_c55
_dLucia Elande
942 _cBK
999 _c18439
_d18439